000 004230000a22001570004500
082 _a338.13 JOH/ES
100 _aJOHL, S S
_fAuthor
100 _aMOORE, C V
_fAuthor
245 _aESSENTIALS OF FARM FINANCIAL MANAGEMENT
260 _aNEW DELHI, TODAY & TOMORROW'S
260 _c2009
300 _apages 152
650 _aCENTRAL AND STATE COOPERATIVE BANKS
650 _aVILLAGE LEVEL CREDIT SOCIETIES
942 _cBK
999 _c297257
_d297257